| 000 | 00421nam a2200145Ia 4500 | ||
|---|---|---|---|
| 008 | 230917s9999||||xx |||||||||||||| ||und|| | ||
| 040 |
_e169810 _aMAIN |
||
| 041 | _aEnglish | ||
| 082 | _a891.432741 SP41A | ||
| 100 | _aसहगल, प्रताप | ||
| 245 | 0 | _aअपनी अपनी भूमिका | |
| 260 |
_aदिल्ली _bप्रतिमान _c1983 |
||
| 300 | _a119 पृ. p. | ||
| 942 | _cHN | ||
| 999 |
_c40570 _d40570 |
||